=LDR 00000nam 2200000 4500 =001 INLIS000000000019410 =005 20260526083341 =035 ##$$a 0010-061300000019410 =008 260526################g##########0#ind## =041 ##$$a Ind =082 ##$$a 345 =090 ##$$a 340.570 2, Afa h =100 #$$a Ali Afandi =245 1#$$a Hukum waris hukum keluarga hukum pembuktian /$c Ali Afandi =260 ##$$a Jakarta :$b Rineka Cipta,$c 2004 =300 ##$$a ix, 223 hlm. ; $c 21 cm =650 #4$$a Hukum Adat-aneka ragam =850 ##$$a NBPNMAT =084 ##$$a 345 ALI h =990 ##$$a 0001/BPAP-NTB/20142014 =990 ##$$a 0001/BPAP-NTB/20142014 =990 ##$$a 0001/BPAP-NTB/20142015 =990 ##$$a 2090100417/BPAP-NTB/2015 =990 ##$$a 0001/BPAP-NTB/2016 =990 ##$$a 0001/BPAP-NTB/2016 =990 ##$$a 0001/BPAP-NTB/20142014 =990 ##$$a 0001/BPAP-NTB/20142014 =990 ##$$a 0001/BPAP-NTB/20142015 =990 ##$$a 2090100417/BPAP-NTB/2015